000
00311nam a2200133Ia 4500
008
191201s2007 xx 000 0 und d
082
_a
658.15
_b
MAF
100
_a
MAHESHWARI, S N
245
0
_a
Financial Management
260
_a
N.Delhi
_b
Sultan Chand
_c
2007
300
_a
643
650
_a
MBA
942
_2
ddc
_c
BK
999
_c
2798
_d
2798